Che, un hombre nuevo /
Guardado en:
| Autor Principal: | |
|---|---|
| Otros Autores: | |
| Formato: | |
| Publicado: |
Argentina, España, Cuba,
2010.
|
| Materias: | |
| Etiquetas: |
Agregar Etiqueta
Sin Etiquetas, Sea el primero en etiquetar este registro!
|
| LEADER | 01496ngm a22003015g 4500 | ||
|---|---|---|---|
| 001 | CEM.cems023183 | ||
| 008 | 130507s2010##################0###0#####d | ||
| 005 | 20241220143536.0 | ||
| 245 | 1 | 0 | |a Che, un hombre nuevo / |c Tristán Bauer. |
| 260 | |a Argentina, España, Cuba, |c 2010. | ||
| 300 | |a 110'. | ||
| 500 | |a Consultar en ventanilla. | ||
| 505 | 0 | |a CHE, UN HOMBRE NUEVO es un documental de creación el realizador argentino Tristán Bauer y Carolina Scaglione sobre la vida y obra de Ernesto Guevara. La intención de sus autores ha sido generar un viaje a través de la memoria, el pensamiento y la poesía del guerrillero. Por primera vez en la historia, su mujer Alina y sus hijos ceden la documentación más íntima con la que jamás nadie antes había contado. Escritos, grabaciones y narraciones literarias que nos presentan a Ernesto Guevara en su dimensión más poética y humana. A su vez, el Gobierno Cubano aporta 20 horas de imágenes inéditas hasta ahora nunca vistas. | |
| 538 | |a Soporte: DVD - Color: Si - Grabación DRD | ||
| 100 | 1 | |a Bauer, Tristán | |
| 700 | 1 | |a Scaglione, Carolina; Guión. | |
| 082 | 9 | 2 | |/ BAU |
| 653 | |a CUBA | ||
| 653 | |a REVOLUCIÓN CUBANA | ||
| 653 | |a FIDEL CASTRO | ||
| 653 | |a ERNESTO GUEVARA | ||
| 653 | |a GUEVARA, CHE | ||
| 653 | |a GUEVARA, ERNESTO | ||
| 653 | |a CASTRO, FIDEL | ||
| 653 | |a GUERRILLA | ||
| 653 | |a NIVEL SECUNDARIO | ||
| 653 | |a DOCUMENTAL | ||
| 859 | |a CEMS |b BIB. CEMS - Depto. Recursos Didacticos |h 920 |i BAU |k DRD |p 1826.13 |t Ej.1 | ||
